Evolution of the earth (Record no. 62912)
[ view plain ]
| 000 -LEADER | |
|---|---|
| fixed length control field | 01500nam a2200265 a 4500 |
| 008 - FIXED-LENGTH DATA ELEMENTS--GENERAL INFORMATION | |
| fixed length control field | 120416s1988 ||||||||||||||||| || u |
| 020 ## - INTERNATIONAL STANDARD BOOK NUMBER | |
| International Standard Book Number | 0070176779 |
| 050 ## - LIBRARY OF CONGRESS CALL NUMBER | |
| Classification number | QE 28.3 Dot |
| 100 ## - MAIN ENTRY--PERSONAL NAME | |
| Personal name | Dott, Robert H., 1929- |
| 245 10 - TITLE STATEMENT | |
| Title | Evolution of the earth |
| Statement of responsibility, etc. | [by] Robert H. Dott, Jr. [and] Roger L. Batten. |
| 250 ## - EDITION STATEMENT | |
| Edition statement | 4th ed. |
| 260 ## - PUBLICATION, DISTRIBUTION, ETC. | |
| Place of publication, distribution, etc. | New York |
| Name of publisher, distributor, etc. | McGraw-Hill |
| Date of publication, distribution, etc. | 1988 |
| 300 ## - PHYSICAL DESCRIPTION | |
| Extent | xvii, 688p. : ill |
| 350 ## - | |
| -- | 0.00 |
| 650 ## - SUBJECT ADDED ENTRY--TOPICAL TERM | |
| Topical term or geographic name entry element | HISTORICAL GEOLOGY |
| 650 ## - SUBJECT ADDED ENTRY--TOPICAL TERM | |
| Topical term or geographic name entry element | GEOLOGY--STUDY AND TEACHING |
| 650 ## - SUBJECT ADDED ENTRY--TOPICAL TERM | |
| Topical term or geographic name entry element | EARTH |
| 700 ## - ADDED ENTRY--PERSONAL NAME | |
| Personal name | Batten, Roger Lyman |
| 995 ## - | |
| -- | ANNEX COLLECTION (Main Library) |
| -- | 0.00 |
| -- | 725655 |
| -- | CBU-MAIN LIBRARY (Kitwe) |
| -- | 4 |
| -- | 33.00 |
| -- | QE 28.3 Dot |
| -- | AVAILABLE |
| -- | 013056 |
| -- | Annex Low-Usage Collection |
| 995 ## - | |
| -- | MAIN LIBRARY OPEN ACCESS |
| -- | 0.00 |
| -- | 725654 |
| -- | CBU-MAIN LIBRARY (Kitwe) |
| -- | 1 |
| -- | 33.00 |
| -- | QE 28.3 Dot |
| -- | AVAILABLE |
| -- | 013058 |
| -- | Main Library Open Access Collection |
| 995 ## - | |
| -- | ANNEX COLLECTION (Main Library) |
| -- | 0.00 |
| -- | 725652 |
| -- | CBU-MAIN LIBRARY (Kitwe) |
| -- | 2 |
| -- | 33.00 |
| -- | QE 28.3 Dot |
| -- | AVAILABLE |
| -- | 013057 |
| -- | Annex Low-Usage Collection |
| 995 ## - | |
| -- | TEXTBOOKS (SB) |
| -- | 0.00 |
| -- | 01142 |
| -- | CBU-SCHOOL TEXTBOOK COLLECTIONS |
| -- | 1 |
| -- | 0.00 |
| -- | SCHOOL TEXTBOOK |
| -- | 6 |
| -- | AVAILABLE |
| -- | Sep 18, 2009 |
| -- | 01142 |
| -- | School Collections |
| 995 ## - | |
| -- | MAIN LIBRARY OPEN ACCESS |
| -- | 0.00 |
| -- | 725653 |
| -- | CBU-MAIN LIBRARY (Kitwe) |
| -- | 3 |
| -- | 33.00 |
| -- | QE 28.3 Dot |
| -- | AVAILABLE |
| -- | 013055 |
| -- | Main Library Open Access Collection |
| 995 ## - | |
| -- | TEXTBOOKS (MIN.ENG.) |
| -- | 0.00 |
| -- | 3780 |
| -- | CBU-MAIN LIBRARY (Kitwe) |
| -- | 1 |
| -- | 0.00 |
| -- | SCHOOL TEXTBOOK |
| -- | AVAILABLE |
| -- | Jul 20, 2009 |
| -- | 3780 |
| -- | School Collections |
| 999 ## - | |
| -- | 62912 |
| -- | 62912 |
| Withdrawn status | Lost status | Source of classification or shelving scheme | Damaged status | Not for loan | Permanent Location | Current Location | Shelving location | Date acquired | Total Checkouts | Full call number | Barcode | Date last seen | Price effective from | Koha item type |
|---|---|---|---|---|---|---|---|---|---|---|---|---|---|---|
| CBU-MAIN LIBRARY, KITWE. | CBU-MAIN LIBRARY, KITWE. | 12/16/2022 | QE 28.3 Dot | 013056 | 12/16/2022 | 12/16/2022 | MONOGRAPH | |||||||
| CBU-MAIN LIBRARY, KITWE. | CBU-MAIN LIBRARY, KITWE. | 12/16/2022 | QE 28.3 Dot | 013058 | 12/16/2022 | 12/16/2022 | MONOGRAPH | |||||||
| CBU-MAIN LIBRARY, KITWE. | CBU-MAIN LIBRARY, KITWE. | 12/16/2022 | QE 28.3 Dot | 013057 | 12/16/2022 | 12/16/2022 | MONOGRAPH | |||||||
| CBU-MAIN LIBRARY, KITWE. | CBU-MAIN LIBRARY, KITWE. | 12/16/2022 | SCHOOL TEXTBOOK | 01142 | 12/16/2022 | 12/16/2022 | MONOGRAPH | |||||||
| CBU-MAIN LIBRARY, KITWE. | CBU-MAIN LIBRARY, KITWE. | 12/16/2022 | QE 28.3 Dot | 013055 | 12/16/2022 | 12/16/2022 | MONOGRAPH | |||||||
| CBU-MAIN LIBRARY, KITWE. | CBU-MAIN LIBRARY, KITWE. | 12/16/2022 | SCHOOL TEXTBOOK | 3780 | 12/16/2022 | 12/16/2022 | MONOGRAPH |